Statistics for 5 Easiest Answers by Quiz

Click here to take the quiz!

General Stats

  • This quiz has been taken 196 times
  • The average score is 20 of 25

Answer Stats

QuizEasiest Answers% Guessed% Correct
US States #1California97
95%
US Presidents #1George Washington98
92%
US States #4New York95
92%
World Capitals #5Washington D.C.86
92%
US States #5Washington94
91%
US States #2Texas96
90%
Europe Map #4United Kingdom93
89%
Country Flags #2United Kingdom98
89%
US States #3Florida95
88%
Europe Map #3Spain93
87%
Europe Map #1Italy94
85%
Europe Map #2Russia94
83%
Country Flags #1United States100
82%
US Presidents #4Barack Obama96
80%
World Capitals #1Paris89
79%
World Capitals #3London87
75%
US Presidents #3George W. Bush97
72%
US Presidents #5Abraham Lincoln94
71%
Country Flags #5China96
71%
US Presidents #2George H.W. Bush97
71%
Country Flags #4Japan97
69%
World Capitals #2Rome87
68%
Country Flags #3Canada98
67%
World Capitals #4Berlin86
59%
Europe Map #5Iceland92
49%

Score Distribution

Percentile by Number Answered

Percent of People with Each Score

Your Score History

You have not taken this quiz